| 000 | 00906nam a2200133Ia 4500 | ||
|---|---|---|---|
| 008 | 171212s9999 xx 000 0 und d | ||
| 020 | _a9780833039149 | ||
| 100 | _aJackson, Brian A.;Chalk, Peter;Cragin, Kim;Newsome, Bruce;Parachini, John V.;Brian A. Jackson, ;Peter Chalk, ;R. Kim Cragin, ;Bruce Newsome, ;John V. Parachini, | ||
| 245 |
_cJackson, Brian A.;Chalk, Peter;Cragin, Kim;Newsome, Bruce;Parachini, John V.;Brian A. Jackson, ;Peter Chalk, ;R. Kim Cragin, ;Bruce Newsome, ;John V. Parachini, _aBreaching the Fortress Wall _bUnderstanding Terrorist Efforts to Overcome Defensive Technologies |
||
| 260 |
_bRAND Corporation _c2007 |
||
| 650 | _aPolitical Science | ||
| 650 | _aWar on Terrorism, 2001– -- Technology; Security systems; Terrorism -- Prevention; Terrorism -- Prevention -- Case studies; Terrorism -- Case studies; National security | ||
| 856 | _uwww.jstor.org/stable/10.7249/mg481dhs | ||
| 999 |
_c351805 _d351805 |
||